000 00425nam a22001697a 4500
003 NUST
020 _a978-81-315-1716-1
038 _akhadija
082 _a658.4
_bKUR
100 _aKuratko, D. F.
_985024
245 _aEntrepreneurship :
_bA south-Asian Perspective /
_cD.F. Kuratko
260 _aNew Delhi
_bcengage Learning
_c2012.
300 _a615 p. ;
_b28cm
500 _aPaperback.
563 _aPB
942 _cBK
_2ddc
999 _c33311
_d33311